| 000 | 00375nam a2200121Ia 4500 | ||
|---|---|---|---|
| 008 | 230907s9999||||xx |||||||||||||| ||und|| | ||
| 082 |
_a333.7932 _bGAB |
||
| 100 |
_aGabriel, Mark A., _9115804 |
||
| 245 | 0 | _aVisions for a sustainable energy future / | |
| 260 |
_aFairmont Press ; | CRC Press, _bLilburn, GA : | Boca Raton, FL : _c2008 |
||
| 300 | _axiv, 252 p. : | ||
| 942 | _cBK | ||
| 999 |
_c599590 _d599590 |
||